| 000 | 00448nam a2200193Ia 4500 | ||
|---|---|---|---|
| 005 | 20250423095845.0 | ||
| 008 | 250422s9999 xx 000 0 und d | ||
| 020 | _a0-536-476603-9 | ||
| 050 | _aQA 152.2S774/ | ||
| 100 | _aMarvin L. Bittinger | ||
| 245 | 0 | _aIntroductory Algebra | |
| 250 | _a2 | ||
| 260 | _aMassachusetts | ||
| 260 | _bPerason Custom Publishing | ||
| 260 | _c2008 | ||
| 300 | _a1260 p | ||
| 650 | _aAlgebra | ||
| 942 | _cBK | ||
| 999 |
_c31542 _d31542 |
||